00837cpmaa2200253 4500001001300000003000400013005001700017008004100034010001700075040002400092072001200116100003000128245003300158300001300191300001800204506002200222520014000244545001800384546003600402600003800438610006300476656002700539999001700566mm 81092098 DLC20260227111710.0810324|||||||||||| eng  amm 81092098  aDLCcDLCedacsdDLC 7aC2lcmd1 aFitch, Jabez,d1737-1812.00aJabez Fitch journals,f1775. a1fitem. a1fcontainer.0 aOpen to research.8 aJournals of Lt. Jabez Fitch, Jr., Capt. Jewett's Company, Col. Jedediah Huntington's 8th Connecticut Regt. (1775 August 5-December 13).0 aArmy officer. aCollection material in English.10aHuntington, Jedediah,d1743-1818.10aUnited States.bArmy.bConnecticut Infantry Regiment, 8th. 7aArmy officers.2itoamc c43310d43310